000
00299nam a2200133Ia 4500
008
220613s9999||||xx |||||||||||||| ||und||
100
_a
Elizabeth A Ganger
245
0
_a
Gynaecological Nursing
250
_a
1st(2001)
260
_b
Churchill
300
_a
371
650
_a
Maternity
942
_c
NURS
999
_c
7477
_d
7477